<?xml version="1.0" encoding="UTF-8"?>
<collection xmlns="http://www.loc.gov/MARC21/slim">
 <record>
  <leader>00542nam a2200193Ia 4500</leader>
  <controlfield tag="001">CTU_94693</controlfield>
  <controlfield tag="008">210402s9999    xx            000 0 und d</controlfield>
  <datafield tag="020" ind1=" " ind2=" ">
   <subfield code="c">68.55</subfield>
  </datafield>
  <datafield tag="082" ind1=" " ind2=" ">
   <subfield code="a">363.25968</subfield>
  </datafield>
  <datafield tag="082" ind1=" " ind2=" ">
   <subfield code="b">C337</subfield>
  </datafield>
  <datafield tag="245" ind1=" " ind2="0">
   <subfield code="a">Digital evidence and computer crime :</subfield>
  </datafield>
  <datafield tag="245" ind1=" " ind2="0">
   <subfield code="b">Forensic science, computers and the internat</subfield>
  </datafield>
  <datafield tag="245" ind1=" " ind2="0">
   <subfield code="c">Eoghan Casey</subfield>
  </datafield>
  <datafield tag="260" ind1=" " ind2=" ">
   <subfield code="a">Amsterdam</subfield>
  </datafield>
  <datafield tag="260" ind1=" " ind2=" ">
   <subfield code="b">Elsevier</subfield>
  </datafield>
  <datafield tag="260" ind1=" " ind2=" ">
   <subfield code="c">2004</subfield>
  </datafield>
  <datafield tag="650" ind1=" " ind2=" ">
   <subfield code="a">Computer crimes,Evidence, criminal</subfield>
  </datafield>
  <datafield tag="904" ind1=" " ind2=" ">
   <subfield code="i">Năm</subfield>
  </datafield>
  <datafield tag="980" ind1=" " ind2=" ">
   <subfield code="a">Trung tâm Học liệu Trường Đại học Cần Thơ</subfield>
  </datafield>
 </record>
</collection>
